000 00322nam a2200121Ia 4500
005 20251223000719.0
008 251222s9999||||xx |||||||||||||| ||spa||
082 _a261.809.8/C42
245 0 _aLa Doctrina Social de la Iglesia:
250 _a1ra.ed.
264 _bComisión Epscopal de Acción Social (Perú)
942 _cLIB
999 _c41582
_d41582